Normal view
MARC view
- Clements, James P.
Entry Personal Name
001 - CONTROL NUMBER
- control field: 1097
003 - CONTROL NUMBER IDENTIFIER
- control field: OSt
005 - DATE AND TIME OF LATEST TRANSACTION
- control field: 20170504092413.0
008 - FIXED-LENGTH DATA ELEMENTS
- fixed length control field: 170504|| aca||aabn | a|a d
040 ## - CATALOGING SOURCE
- Original cataloging agency: OSt
- Transcribing agency: OSt
100 ## - HEADING--PERSONAL NAME
- Personal name: Clements, James P.
670 ## - SOURCE DATA FOUND
- Source citation: Work cat.: (OSt): Gido, Jack, 1945- 1095, Successful project management /, [2015]

PORTAL AKMAL
E-MEL JKDM
AKMAL2U
G-BAM
u-PUSTAKA